Statystyki dla Najlepsi koszykarze według HoopsHype

Kliknij tutaj aby rozwiązać quiz!

Ogólne statystyki

  • Ten quiz został rozwiązany 58 razy
  • Średni wynik to 16 z 30

Statystyki odpowiedzi

KlubKrajMiejsceZawodnik% Poprawnych
LA LakersUSA13LeBron James
100%
Denver NuggetsSerbia1Nikola Jokic
90%
Dallas MavericksSłowenia5Luka Doncic
88%
Golden State WarriorsUSA17Stephen Curry
86%
Boston CelticUSA7Jayson Tatum
82%
Philadelphia 76ersKamerun3Joel Embiid
76%
Phoenix SunsUSA10Kevin Durant
76%
LA LakersUSA9Anthony Davis
69%
Millwauke BucksUSA12Damian Lillard
61%
Sacramento KingsLitwa11Domantas Sabonis
57%
Millwauke BucksGrecja4Giannis Antetokounmpo
57%
Miami HeatUSA26Jimmy Butler
57%
Oklahoma City ThunderKanada2Shai Gilegous-Alexander
57%
Atlanta HawksUSA16Trea Young
57%
New Orlean PelicansUSA28Zion Williamson
55%
Minnesota TimberwolvesDominikana19Karl-Anthony Towns
49%
LA ClippersUSA29Kawhi Leonard
49%
LA ClippersUSA30Paul George
49%
Minnesota TimberwolvesUSA14Anthony Edwards
47%
Miami HeatUSA23Bam Adebayo
41%
Orlando MagicNiemcy24Franz Wagner
41%
NY KnicksUSA15Jalen Brunson
41%
Indiana PacersUSA6Tyrese Haliburton
41%
Sacramento KingsUSA22De`Aaron Fox
39%
Philadelphia 76ersUSA8Tyrese Maxey
37%
NY KnicksUSA20Julius Randle
35%
Orlando MagicUSA25Paolo Banchero
33%
Oklahoma City ThunderUSA27Chet Holmgren
31%
Houston RocketsTurcja18Alperen Sengun
24%
Toronto RaptorsUSA21Scottie Barnes
20%

Rozkład punktacji

Percentyl według liczby udzielonych odpowiedzi

Procent ludzi z każdym wynikiem

Twoja historia wyników

Nie rozwiązałeś tego quizu